I Koalicja Antyfrancuska - Statystyki

Ogólne statystyki
  • Ten quiz został rozwiązany 28 razy
    6 od ostatniego zresetowania
  • Średni wynik to 6 z 10
Statystyki odpowiedzi
Państwo % Poprawnych
Austria
100%
Prusy
100%
Wielka Brytania
100%
Hiszpania
83%
Portugalia
67%
Sardynia
50%
Holandia
33%
Neapol
33%
Imperium Osmańskie
17%
Sycylia
0%
Nie znaleziono quizów pasujących do podanych kryteriów
Rozkład punktacji
Procent ludzi z każdym wynikiem
Percentyl według liczby udzielonych odpowiedzi
Twoja historia wyników
Nie rozwiązałeś tego quizu od ostatniego zresetowania